=LDR 00000nam 2200000 4500 =001 000135 =020 $9786026724465 =082 $635.000 =100 $$a Yusnu Iman Nurhakim =245 $$a Budidaya dan bisnis jamur tiram secara tradisional dan modern /$c Yusnu Iman Nurhakim =250 $Cetakan I =264 $Bogor: BCI Media 2021 =300 $vi, 88 halaman; 23 cm. =650 $Hortikultura =905 $635 YUS b =336 $$a =337 $$a =338 $$a =005 20260702151432.0 =008 260702s2026\\\\\\\\\\\\\\\\\\\\\\\\\\\\\\\\\\\\\\\\\